000 00481nam a2200181Ia 4500
001 4024
005 20260306145725.0
008 260306t2023||||xx |||||||||||||| ||spa||
041 _aESP
082 _a306.46
_bS712
100 _aSadin, Éric,
_eAUT
245 0 _aLa inteligencia artificial o el desafío del siglo :
_banatomía de un antihumanismo radical
260 _c2023
300 _a321 páginas :
_c20 cm.
650 _aGEN
654 _aCHU
942 _cLIB
_dJUS
_fJUS
_2ddc
_n
999 _c4024
_d4024